LEADER 01192nam a2200241 i 4500 001 000000235468 003 CaOOAMICUS 005 20141110000000.0 008 141110s1892 it u000 u lat u 013 $a214372 040 $aSeMil$bita 245 10$aNuntiaturberichte Giovanni Morones vom deutschen Konigshofe :$b1539, 1540 /$cbearbeitet von Prof. Dr. Franz Dittrich. 260 $aPaderborn :$bFerdinand Schöningh,$c1892. 300 $aIX, 243 p. ;$c25 cm. 490 0 $aQuellen und Forschungen aus dem Gebiet der Geschichte ;$v1.1 650 4$aGermania - Nunziature apostoliche.$0(OLS)http://semarc/subject/17024 700 1 $aDittrich, Franz.$0(OLS)http://semarc/name/80521 700 1 $aMorone, Giovanni,$d<1509-1580>.$0(OLS)http://semarc/name/80520 830 0$aQuellen und Forschungen aus dem Gebiet der Geschichte ;$v1.1.$0(OLS)http://semarc/title/42048 850 $aSeMil 852 $aSeMil$W1$xVenegono$y1$m3A III 78 FA$j185814$B185814$CSeMilBibl$Z2$F196733 $8I 996 $6245$aNuntiaturberichte Giovanni Morones vom deutschen Konigshofe :$b1539, 1540$9(OLS)http://semarc/title/335728 996 $6260$aPaderborn :$bFerdinand Schöningh$9(OLS)http://semarc/publisher/31027 LEADER 01003nam a2200229 i 4500 001 000000209988 003 CaOOAMICUS 005 20120110000000.0 008 120110s1972 it u000 u ita u 013 $a188780 040 $aSeMil$bita 100 1 $aVasale, Claudio.$0(OLS)http://semarc/name/152 245 10$aSocietà e stato nel pensiero di Giuseppe Capograssi /$cClaudio Vasale. 260 $aRoma :$bEdizioni di Storia e Letteratura,$c1972. 300 $a339 p. ;$c25 cm. 490 0 $aPolitica e storia : raccolta di studi e testi ;$v30 600 14$aCapograssi, Giuseppe <1889-1956>.$0(OLS)http://semarc/subject/3068 830 0$aPolitica e storia ;$v30.$0(OLS)http://semarc/title/33504 850 $aSeMil 852 $aSeMil$W1$xVenegono$y1$m3T VI 172$j160439$B160439$CSeMilBibl$Z2$F171396 $81 996 $6245$aSocietà e stato nel pensiero di Giuseppe Capograssi$9(OLS)http://semarc/title/303598 996 $6260$aRoma :$bEdizioni di Storia e Letteratura$9(OLS)http://semarc/publisher/29779